[Event "0103"]
[Site "http://www.queenalice.com/game.php?id=1411633"]
[Date "2016.3.1"]
[Round "-"]
[White "Rijevski1970"]
[Black "jizaias"]
[Result "0-1"]
[WhiteElo "973"]
[BlackElo "2253"]

1. e4 e5 2. Nf3 Nc6 3. Nc3 Bb4 4. a3 Bxc3 5. dxc3 Nf6 6. Bd3 d6 7. Bg5 h6 8.
Bxf6 Qxf6 9. O-O Bg4 10. h3 Bxf3 11. Qxf3 Qxf3 0-1

[Event "aperturaf"]
[Site "http://www.queenalice.com/game.php?id=1463771"]
[Date "2017.2.10"]
[Round "-"]
[White "aperturaf"]
[Black "Rijevski1970"]
[Result "1-0"]
[WhiteElo "2216"]
[BlackElo "917"]

1. e4 e5 2. f4 f6 3. fxe5 fxe5 4. Qh5+ g6 5. Qxe5+ Qe7 6. Qxh8 Nf6 7. d3 Nc6 8.
Nf3 Qg7 9. Qxg7 Bxg7 10. Nc3 d6 11. Nb5 Kd8 12. Be2 a6 13. Nc3 Be6 14. O-O Kd7
15. d4 Bf7 16. e5 Nh5 17. g4 Nf4 18. Bxf4 Re8 19. a3 Kc8 20. Rad1 Kb8 21. exd6
cxd6 22. Bxd6+ Ka7 23. Ne5 Bxe5 24. Bc5+ b6 25. Rxf7+ Bc7 26. Rxc7+ Kb8 27. Bd6
1-0

[Event "AUTO-OPEN-3766"]
[Site "http://www.queenalice.com/game.php?id=1464380"]
[Date "2017.2.13"]
[Round "1"]
[White "Rijevski1970"]
[Black "sefaz2013"]
[Result "0-1"]
[WhiteElo "917"]
[BlackElo "1367"]

1. e4 c5 2. d4 cxd4 3. Qxd4 Nc6 4. Qe3 e5 5. Nc3 Bb4 6. Nf3 Nf6 7. Bd2 O-O 8.
Bc4 d6 9. Nd5 Bxd2+ 10. Qxd2 Nxe4 11. Qd3 Nc5 12. Qd2 e4 13. Ng5 h6 14. Nxf7
Rxf7 15. Nc7 Qxc7 16. Qd5 Be6 17. Qh5 Bxc4 18. a3 Raf8 19. O-O-O Ne5 20. Rd2 e3
21. fxe3 Ne4 22. Rdd1 Bb3 23. Qe2 Rf2 24. Qb5 Qxc2# 0-1

[Event "AUTO-OPEN-3766"]
[Site "http://www.queenalice.com/game.php?id=1464381"]
[Date "2017.2.13"]
[Round "1"]
[White "sefaz2013"]
[Black "Rijevski1970"]
[Result "1-0"]
[WhiteElo "1445"]
[BlackElo "917"]

1. d4 d5 2. c4 c6 3. Nc3 Nf6 4. Nf3 Bg4 5. e3 Nbd7 6. Be2 Bf5 7. O-O e6 8. Nh4
Be4 9. Nf3 Nb6 10. Ne5 Nxc4 11. Bxc4 dxc4 12. Nxc4 Bd5 13. Nd2 Bb4 14. Nxd5 Nxd5
15. a3 Bd6 16. e4 Qh4 17. e5 Be7 18. Nf3 Qe4 19. Re1 Qf5 20. Bd2 O-O 21. Rb1 h6
22. Qb3 b6 23. Qc4 Rac8 24. h3 1-0

[Event "AUTO-OPEN-3766"]
[Site "http://www.queenalice.com/game.php?id=1464382"]
[Date "2017.2.13"]
[Round "1"]
[White "Rijevski1970"]
[Black "pizzaiolo72"]
[Result "0-1"]
[WhiteElo "917"]
[BlackElo "2014"]

1. e4 Nf6 2. Nc3 e5 3. Nf3 Nc6 4. d4 exd4 5. Nd5 Nxd5 6. exd5 Bb4+ 7. Bd2 Bxd2+
8. Qxd2 Ne7 9. Qxd4 O-O 10. Bc4 Nf5 11. Qe4 Re8 12. Ne5 d6 13. O-O-O Rxe5 14.
Qf4 Qe7 15. b3 Re4 16. Qd2 c6 17. Rhe1 Qe5 18. c3 Bd7 19. f3 Rxe1 20. Rxe1 Qxh2
21. Kd1 Re8 22. Rxe8+ Bxe8 23. Qe1 Qe5 24. Qxe5 dxe5 25. Bd3 Ne3+ 0-1

[Event "AUTO-OPEN-3766"]
[Site "http://www.queenalice.com/game.php?id=1464384"]
[Date "2017.2.13"]
[Round "1"]
[White "Rijevski1970"]
[Black "Fauquinelle"]
[Result "0-1"]
[WhiteElo "915"]
[BlackElo "2008"]

1. e4 c6 2. d4 d5 3. Nc3 dxe4 4. Nxe4 Bf5 5. Bd3 Qxd4 6. Nf3 Qd5 7. c4 Qd7 8.
Ne5 Qe6 9. Bf4 Nf6 10. O-O Bxe4 11. Bxe4 Nxe4 12. Re1 Nd6 13. b3 Na6 14. Qd2 g6
0-1

[Event "AUTO-OPEN-3766"]
[Site "http://www.queenalice.com/game.php?id=1464385"]
[Date "2017.2.13"]
[Round "1"]
[White "Fauquinelle"]
[Black "Rijevski1970"]
[Result "1-0"]
[WhiteElo "2010"]
[BlackElo "913"]

1. f4 d5 2. b3 Bf5 3. Bb2 Nc6 4. d3 e6 5. e3 Bc5 6. Qe2 Nf6 7. Nd2 Qd7 8. h3
O-O-O 9. g4 Bg6 10. h4 h5 11. g5 Ng4 12. d4 Bd6 13. O-O-O Rhe8 14. Ndf3 1-0

[Event "Let's Play Chess!"]
[Site "http://www.queenalice.com/game.php?id=1464676"]
[Date "2017.2.15"]
[Round "-"]
[White "Rijevski1970"]
[Black "igorjava"]
[Result "0-1"]
[WhiteElo "917"]
[BlackElo "1850"]

1. e4 c5 2. Nc3 d6 3. d4 cxd4 4. Qxd4 a6 5. Nf3 Nc6 6. Qc4 h6 7. Be3 e6 8. O-O-O
Bd7 9. Qe2 b5 10. Qd2 Nf6 11. h3 Be7 12. Be2 O-O 13. Rhe1 b4 0-1

[Event "Let's Play Chess!"]
[Site "http://www.queenalice.com/game.php?id=1464837"]
[Date "2017.2.15"]
[Round "-"]
[White "charles31"]
[Black "Rijevski1970"]
[Result "0-1"]
[WhiteElo "1715"]
[BlackElo "917"]

1. d4 d5 2. Nc3 Nf6 3. h3 Nc6 4. Nf3 Bf5 5. a3 e6 6. e3 Bd6 7. Bd3 Qd7 8. Qe2
O-O 9. Nb5 Rae8 10. Bd2 Be7 11. g4 a6 12. Nc3 Bxd3 13. Qxd3 Qd6 14. O-O-O h6 15.
g5 Nh5 16. gxh6 g6 17. e4 Nf4 18. Bxf4 Qxf4+ 19. Kb1 Qxh6 20. e5 Ra8 21. h4 Na5
22. Rdg1 f6 23. exf6 Rxf6 24. h5 Raf8 25. hxg6 Qg7 26. Rh7 Rxf3 27. Rxg7+ Kxg7
28. Rh1 Rxd3 0-1